00949ncm a22002295a 4500001001100000005001700011008004100028080001600069100004700085245005100132254002300183260004500206300006300251490006900314500002300383500011600406500002600522650002400548852001100572952011900583999001700702C00057338c20241029150429.0071016s1891 ddrsyb n 1 ger d a785.1.082.11 aBruckner, Joseph Anton (d1824-1896)9832210aSymphonie nº 7, E dur / cvon Anton Bruckner. a[Kleine Partitur]. aLeipzig : bErnst Eulenburg, c[d. 1891] aPartitura (168 p.) ; c19 cm + e1 invitación de teatro.0 aEulenburg's kleine Orchester Partitur Ausgabe. Symphonien ; v65 aN. pl.: E.E. 3637. aFecha de publicación tomada de "The new Grove dictionary of music and musicians", vol. 6, Stanley Sadie 1980. aLegado Pérez Casas. aSinfonías.9144054 jM-2287 001040708MUSICAaRABASFbRABASFcDP1d2007-10-16eDl0oM-2287p1060569r2024-10-15 09:45:11w2024-10-15yPARTA c54220d54220